000 00978nmm a2200289 a 4500
001 ocm0001520524
003 TR-IsHL
005 20201028162729.0
008 170122s2015 tu tur
007 cr cn
020 _a9786051628684
035 _a1520524
_b(N$T)
050 0 4 _aDR435.K87
_bY85 2015
090 0 4 _aDR435.K87
_bY85 2015
100 1 _aYüksel, Müfit
245 1 0 _aİslamsız Kürdistan hayali ve Ortadoğu
_h[electronic resource] /
_cMüfit Yüksel
260 _aİstanbul :
_bEtkileşim,
_c2015
300 _a288 p.
650 4 _aPolitika ve Uluslararası İlişkiler
650 4 _aPolitics and International Relations
650 0 _aKürtler
_x Türkiye
_x Tarih
650 0 _aKurds
_x Turkey
_x History
650 0 _aDoğu sorunu
650 0 _aEastern question
650 7 _aHISTORY / Middle East / Turkey & Ottoman Empire
_2bisacsh
856 4 0 _uhttp://search.ebscohost.com/login.aspx?direct=true&scope=site&db=e011xww&AN=1520524
999 _c14939
_d14939